[Event "Kallithea op"]
[Site "Kallithea"]
[Date "2002.08.28"]
[Round "1"]
[White "Tziritas, V."]
[Black "Ornithopoulos, Nikolaos"]
[Result "0-1"]
[WhiteElo "1515"]
[BlackElo "2140"]
[PlyCount "72"]
[EventDate "2002.??.??"]
[EventType "swiss"]
[EventRounds "9"]
[EventCountry "GRE"]
[SourceTitle "EXT 2004"]
[Source "ChessBase"]
[SourceDate "2003.11.25"]
[SourceVersion "1"]
[SourceVersionDate "2003.11.25"]
[SourceQuality "1"]

1. d4 Nf6 2. c4 c5 3. d5 e5 4. Nc3 d6 5. e4 Be7 6. Nf3 Nbd7 7. Be2 a6 8. a4 Nf8 9. 0-0 Ng6 10. Ne1 0-0 11. Nd3 h6 12. Bd2 Bd7 13. f4 exf4 14. Nxf4 Ne5 15. Nd3 Nfg4 16. Nf2 Nxf2 17. Rxf2 Bg5 18. b3 Qe7 19. Qc2 Rae8 20. Bf4 Ng6 21. Bg3 Be3 22. Raf1 Ne5 23. Kh1 Bxf2 24. Rxf2 Qg5 25. Bf4 Qg6 26. Qd1 Qh7 27. h3 f5 28. exf5 Bxf5 29. g4 Bc2 30. Qd2 Be4+ 31. Kh2 g5 32. Bg3 Rxf2+ 33. Bxf2 Bd3 34. Bg3 Bxe2 35. Qxe2 Qf7 36. Qg2 Nf3+ 0-1